[Event "Minsk Open 2014"]
[Site "Minsk BLR"]
[Date "2014.07.22"]
[Round "7.5"]
[White "Siagodnik, Anton"]
[Black "Kovalev, Vladislav"]
[Result "1-0"]
[WhiteTitle "FM"]
[BlackTitle "GM"]
[WhiteElo "2157"]
[BlackElo "2554"]
[WhiteFideId "13505963"]
[BlackFideId "13504398"]
[EventDate "2014.07.16"]

1. d4 Nf6 2. Nf3 c5 3. c4 cxd4 4. Nxd4 e5 5. Nf3 Nc6 6. e3 d5 7. cxd5 Qxd5 8.
Bd2 Bf5 9. Nc3 Qd7 10. Bb5 Bd6 11. Qa4 O-O 12. e4 Bg4 13. Nd5 Nh5 14. Bc3 Bxf3
15. gxf3 Qh3 16. O-O-O Rac8 17. f4 exf4 18. Rhg1 a6 19. Bxc6 Rxc6 20. Kb1 Rfc8
21. Qd4 Rxc3 22. Nxc3 Bf8 23. Qd7 Rxc3 24. bxc3 Qxc3 25. Qxb7 Nf6 26. Rd8 g6 27.
Qb8 Kg7 28. Rc1 Qf3 29. Rxf8 Qd3+ 30. Rc2 Qd1+ 31. Rc1 Qd3+ 32. Kb2 Qd2+ 33. Rc2
Qd4+ 34. Kb3 Qd3+ 35. Rc3 Qxe4 36. Rxf7+ Kxf7 37. Rc7+ Ke6 38. Qc8+ Kd5 39. Qd8+ 1-0

[Event "Minsk Open 2014"]
[Site "Minsk BLR"]
[Date "2014.07.22"]
[Round "7.6"]
[White "Grib, Roman"]
[Black "Meribanov, Vitaly"]
[Result "1/2-1/2"]
[WhiteTitle "FM"]
[BlackTitle "IM"]
[WhiteElo "2409"]
[BlackElo "2380"]
[WhiteFideId "13506706"]
[BlackFideId "13504363"]
[EventDate "2014.07.16"]

1. e4 e5 2. Nf3 Nc6 3. Bc4 Bc5 4. O-O Nf6 5. d3 d6 6. c3 a6 7. Bb3 Ba7 8. h3 h6
9. Re1 O-O 10. Nbd2 Nh5 11. Nf1 Qf6 1/2-1/2

[Event "Minsk Open 2014"]
[Site "Minsk BLR"]
[Date "2014.07.22"]
[Round "7.7"]
[White "Kupreichik, Viktor D"]
[Black "Talma, Sergei"]
[Result "1-0"]
[WhiteTitle "GM"]
[WhiteElo "2405"]
[BlackElo "1982"]
[WhiteFideId "13500066"]
[BlackFideId "13511092"]
[EventDate "2014.07.16"]

1. e4 c5 2. Nf3 Nc6 3. Nc3 e5 4. Bc4 d6 5. d3 Be7 6. O-O Nf6 7. Ng5 O-O 8. f4 h6
9. Nf3 Bg4 10. f5 Na5 11. Be3 Nxc4 12. dxc4 Kh7 13. Qd2 Bxf3 14. Rxf3 Ng4 15.
Rd1 Qa5 16. Qe2 Nxe3 17. Rxe3 a6 18. Nd5 Bg5 19. Rg3 b5 20. Rxg5 hxg5 21. Qh5+ 1-0

[Event "Minsk Open 2014"]
[Site "Minsk BLR"]
[Date "2014.07.22"]
[Round "7.8"]
[White "Lutsko, Igor"]
[Black "Ponomarev, Dmitry"]
[Result "0-1"]
[WhiteTitle "GM"]
[BlackTitle "IM"]
[WhiteElo "2355"]
[BlackElo "2416"]
[WhiteFideId "13500716"]
[BlackFideId "24112046"]
[EventDate "2014.07.16"]

1. c4 c6 2. Nf3 d5 3. e3 Nf6 4. b3 g6 5. Bb2 Bg7 6. Be2 O-O 7. O-O Nbd7 8. Qc2
Re8 9. Nc3 e6 10. Rac1 b6 11. d4 Bb7 12. Rfd1 Qe7 13. a4 a5 14. Qb1 Nb8 15. Ne5
Nfd7 16. cxd5 exd5 17. e4 Nxe5 18. dxe5 d4 19. Rxd4 Bxe5 20. Rdd1 Na6 21. Bc4
Nc5 22. Ba3 Red8 23. Ne2 Bd6 24. Rd4 Qc7 25. h3 Nxe4 0-1

[Event "Minsk Open 2014"]
[Site "Minsk BLR"]
[Date "2014.07.22"]
[Round "7.10"]
[White "Khrapko, Marharyta"]
[Black "Novitzkij, Dmitrij"]
[Result "0-1"]
[BlackTitle "IM"]
[WhiteElo "1818"]
[BlackElo "2345"]
[WhiteFideId "13510657"]
[BlackFideId "13500619"]
[EventDate "2014.07.16"]

1. e4 c6 2. d4 d5 3. exd5 cxd5 4. Bd3 Nc6 5. c3 Nf6 6. h3 e5 7. dxe5 Nxe5 8. Qe2
Qe7 9. Bb5+ Bd7 10. Be3 Nc4 11. Bxc4 dxc4 12. Qxc4 Bc6 13. Nf3 Nd5 14. Qe2 O-O-O
15. O-O h5 16. Nd4 Bd7 17. Qc4+ Qc5 18. Nd2 f6 19. Rfe1 g5 20. Qxc5+ Bxc5 21.
N2b3 Bb6 22. Bd2 Rdg8 23. c4 Nf4 24. c5 Bc7 25. Bxf4 Bxf4 26. Re2 h4 27. Rc2 Kb8
28. c6 bxc6 29. Nxc6+ Ka8 30. Ne7 Rg7 31. Nd5 Bf5 32. Rc5 Bd6 33. Nc7+ Rxc7 34.
Rxf5 Be5 35. Nd2 Rhc8 36. g3 hxg3 37. fxg3 Rc2 38. Nf3 Bxb2 39. Rf1 Rh8 40. h4
gxh4 41. Nxh4 Bd4+ 42. Kh1 Be5 43. R5f3 Rxa2 44. Kg1 Bd4+ 45. Kh1 a5 46. Rd1 Rc8
47. Rfd3 Be5 48. Ng6 Bb8 49. R3d2 Rxd2 50. Rxd2 Bxg3 51. Ne7 Rc5 52. Kg2 Be5 53.
Kf3 Kb7 54. Ke4 Ka6 55. Nd5 a4 56. Nb4+ Kb5 57. Nd3 Rc4+ 58. Kd5 Rd4+ 59. Ke6
Rd6+ 60. Kf5 a3 61. Ke4 Rd4+ 62. Kf3 Rxd3+ 63. Rxd3 a2 0-1

[Event "Minsk Open 2014"]
[Site "Minsk BLR"]
[Date "2014.07.22"]
[Round "7.11"]
[White "Burdalev, Kirill"]
[Black "Terzi, Alexei"]
[Result "1-0"]
[WhiteTitle "FM"]
[WhiteElo "2296"]
[BlackElo "2120"]
[WhiteFideId "14121913"]
[BlackFideId "13505076"]
[EventDate "2014.07.16"]

1. Nf3 Nf6 2. c4 e6 3. g3 b6 4. Bg2 Bb7 5. O-O Be7 6. d4 d6 7. Qc2 c5 8. d5 exd5
9. Nh4 Qd7 10. Nf5 O-O 11. cxd5 Nxd5 12. Qe4 Bf6 1-0

[Event "Minsk Open 2014"]
[Site "Minsk BLR"]
[Date "2014.07.22"]
[Round "7.12"]
[White "Kolesnik, Eduard"]
[Black "Oblamski, Vladimir"]
[Result "1-0"]
[WhiteTitle "IM"]
[WhiteElo "2292"]
[BlackElo "2142"]
[WhiteFideId "13501062"]
[BlackFideId "13503979"]
[EventDate "2014.07.16"]

1. e4 d5 2. exd5 Qxd5 3. Nc3 Qa5 4. d4 Nf6 5. Nf3 Bf5 6. Ne5 c6 7. Bc4 e6 8. g4
Be4 9. f3 Bd5 10. Bd3 Nfd7 11. Bd2 Qb6 12. Qe2 Qxd4 13. Nxd7 Nxd7 14. O-O-O
O-O-O 15. Bg5 Re8 16. Rhe1 Ba3 17. Bd2 Bd6 18. Kb1 Bf4 19. Nxd5 Bxd2 20. Rxd2
cxd5 21. Bb5 Qf4 22. c4 d4 23. Qf2 e5 24. Re4 Qf6 25. Bxd7+ Kxd7 26. Qe2 g5 27.
c5 Re6 28. Qb5+ Kc7 29. Rd3 Re7 30. a4 Rhe8 31. Qc4 Qa6 32. Qc2 f6 33. b4 Qc6
34. Kb2 Rd8 35. Ka3 Rd5 36. a5 b6 37. axb6+ axb6 38. Qc4 b5 39. Qb3 Rd8 40. Kb2
Red7 41. Re1 Ra8 42. Rdd1 Qd5 43. h4 h6 44. hxg5 hxg5 45. Rh1 Ra4 46. Qxd5 Rxd5
47. Kb3 d3 48. Rh7+ Kc8 49. Rh8+ Kc7 50. Rdh1 Rd4 51. R1h7+ Rd7 52. Rxd7+ Kxd7
53. Rh1 Ra6 54. Rd1 Ke6 55. Rxd3 f5 56. Rd8 fxg4 57. fxg4 e4 58. Rg8 Ke5 59.
Rxg5+ Kd4 60. Rg8 Re6 61. Rd8+ Ke3 62. Rd6 Re8 63. c6 Ke2 64. c7 Rc8 65. Rd7 e3
66. Kc3 Ke1 67. Kd3 e2 68. Re7 Kf1 69. Rxe2 Rxc7 70. Re5 1-0

[Event "Minsk Open 2014"]
[Site "Minsk BLR"]
[Date "2014.07.23"]
[Round "8.1"]
[White "Nosenko, Alexander"]
[Black "Aleksandrov, Aleksej"]
[Result "0-1"]
[WhiteTitle "GM"]
[BlackTitle "GM"]
[WhiteElo "2508"]
[BlackElo "2569"]
[WhiteFideId "14100690"]
[BlackFideId "13500139"]
[EventDate "2014.07.16"]

1. d4 Nf6 2. c4 e6 3. Nf3 d5 4. Nc3 Bb4 5. Qa4+ Nc6 6. e3 O-O 7. Qc2 b6 8. cxd5
exd5 9. Bd3 Ne7 10. h3 c5 11. Qe2 c4 12. Bc2 Bf5 13. O-O a6 14. Ng5 Re8 15. a3
Ba5 16. Bxf5 Nxf5 17. Qc2 Nh4 18. Nf3 Nxf3+ 19. gxf3 b5 20. f4 Qd7 21. Kg2 Bc7
22. Bd2 a5 23. Ne2 Ra6 24. Rh1 Ne4 25. Bc1 Qf5 26. Qd1 g5 27. Ng3 Nxg3 28. fxg3
gxf4 29. gxf4 Rg6+ 30. Kf1 Kh8 31. Bd2 Bxf4 0-1

[Event "Minsk Open 2014"]
[Site "Minsk BLR"]
[Date "2014.07.23"]
[Round "8.2"]
[White "Podolchenko, Evgeniy"]
[Black "Fedorov, Alexei"]
[Result "1-0"]
[WhiteTitle "GM"]
[BlackTitle "GM"]
[WhiteElo "2426"]
[BlackElo "2569"]
[WhiteFideId "13504134"]
[BlackFideId "13500465"]
[EventDate "2014.07.16"]

1. d4 Nf6 2. c4 g6 3. Nc3 Bg7 4. e4 d6 5. Nf3 O-O 6. Be2 e5 7. O-O Nbd7 8. Re1
Re8 9. Bf1 a6 10. Rb1 exd4 11. Nxd4 c6 12. Bf4 Ne5 13. Qd2 b5 14. cxb5 axb5 15.
b4 Be6 16. Rbd1 Nfd7 17. Nb3 Ra3 18. Qc2 Qh4 19. Bg3 Qe7 20. f4 Bxb3 21. axb3
Ng4 22. Nb1 Ra6 23. Qd2 Ndf6 24. h3 Nh5 25. Bf2 Nxf2 26. Qxf2 Nf6 27. Bd3 Rea8
28. Qf3 h5 29. e5 dxe5 30. fxe5 Ne8 31. e6 f5 32. Qg3 Kh7 33. Nd2 h4 34. Qf3 Nf6
35. Bxf5 gxf5 36. Qxf5+ Kg8 37. Nf3 Ra2 38. Kh1 Rf2 39. Qg5 Re8 40. Qxh4 Rxf3
41. gxf3 Nd5 42. Qh5 Nf4 43. Qf7+ 1-0

[Event "Minsk Open 2014"]
[Site "Minsk BLR"]
[Date "2014.07.23"]
[Round "8.3"]
[White "Kupreichik, Viktor D"]
[Black "Lintchevski, Daniil"]
[Result "1/2-1/2"]
[WhiteTitle "GM"]
[BlackTitle "GM"]
[WhiteElo "2405"]
[BlackElo "2553"]
[WhiteFideId "13500066"]
[BlackFideId "4171055"]
[EventDate "2014.07.16"]

1. e4 c6 2. Nc3 d5 3. d4 dxe4 4. Nxe4 Bf5 5. Qf3 e6 6. Be3 Nd7 7. Bd3 Bg6 8. Ne2
Ngf6 9. N2g3 Be7 10. O-O-O Nxe4 11. Nxe4 Nf6 12. Kb1 Qd5 13. Nxf6+ gxf6 14. Qxd5
cxd5 15. Bb5+ Kd8 16. h4 Rc8 17. Bd3 Rg8 18. g3 Bd6 19. Kc1 h5 20. Bxg6 Rxg6 21.
Rd3 Kd7 22. Bd2 Rg4 23. Kd1 Rcg8 24. Be1 f5 25. f4 Rc8 26. Rf1 b5 27. Rff3 Rgg8
28. a3 Rc4 29. b3 Rc6 30. Bb4 Bxb4 31. axb4 Rgc8 32. Rd2 Ra6 33. Rdd3 Ra1+ 34.
Kd2 a5 35. bxa5 b4 36. Rf2 Rxc2+ 37. Kxc2 Ra2+ 38. Kd1 Rxf2 39. Re3 Kc6 40. Ke1
Rb2 41. Kd1 Kb5 42. Rd3 Kxa5 43. Re3 Kb5 44. Kc1 Rg2 45. Kd1 Kc6 46. Kc1 Kd6 47.
Kd1 f6 48. Kc1 Ra2 49. Kd1 Rh2 50. Kc1 Rg2 51. Kd1 Ra2 52. Kc1 Ra7 53. Kd2 Rc7
54. Kd1 Rg7 55. Kd2 Rg4 56. Kd3 Ke7 57. Kd2 Kd7 58. Kd3 Kd6 59. Kc2 e5 60. fxe5+
fxe5 61. Rxe5 f4 62. gxf4 Rxh4 63. Rf5 Rh2+ 64. Kd3 Rh3+ 65. Kd2 h4 66. Rh5 Ke6
67. Re5+ Kf6 68. Rxd5 Rxb3 69. Rh5 h3 70. Kc2 Rc3+ 71. Kb2 Kg6 72. Rh4 Kf5 73.
d5 Rg3 74. d6 Ke6 75. Rh6+ Kd7 76. Kc2 Rf3 77. Kb2 b3 78. Ka3 Kc6 79. Kb2 1/2-1/2

[Event "Minsk Open 2014"]
[Site "Minsk BLR"]
[Date "2014.07.23"]
[Round "8.4"]
[White "Siagodnik, Anton"]
[Black "Stupak, Kirill"]
[Result "0-1"]
[WhiteTitle "FM"]
[BlackTitle "GM"]
[WhiteElo "2157"]
[BlackElo "2499"]
[WhiteFideId "13505963"]
[BlackFideId "13503758"]
[EventDate "2014.07.16"]

1. Nf3 g6 2. g3 Bg7 3. Bg2 d5 4. d4 c5 5. O-O cxd4 6. Nxd4 e5 7. Nb3 Ne7 8. c4
dxc4 9. Qxd8+ Kxd8 10. Na5 Nbc6 11. Nxc4 Be6 12. Nba3 Kc7 13. Nb5+ Kb8 14. b3 a6
15. Nbd6 b5 16. Ne3 e4 17. Rb1 f5 18. Rd1 Rd8 19. Nec4 Nd5 20. Bg5 Rd7 21. Ne8
Bd4 22. Na5 Nxa5 23. Rxd4 Nc6 24. Rxd5 Bxd5 25. Nf6 Rd8 26. Nxh7 Rc8 27. Rd1 Nb4
28. a3 Bxb3 29. Bf4+ Kb7 30. Rd7+ Kc6 31. Rd6+ Kc5 32. Nf6 Nd5 33. Nd7+ Kc4 34.
Be5 b4 35. axb4 Ba4 36. f3 Rc6 37. Nc5 Rxd6 38. Bxd6 exf3 39. Bxf3 Bc2 40. Kf2
Rd8 41. Nb7 Rd7 42. Na5+ Kb5 43. Bf8 Be4 44. Nb3 Nxb4 45. Nc5 Rf7 46. Ne6 Rf6
47. Nd4+ Kc4 48. Bg7 Rf7 49. Bh8 Rh7 50. Bf6 Rxh2+ 51. Ke3 0-1

[Event "Minsk Open 2014"]
[Site "Minsk BLR"]
[Date "2014.07.23"]
[Round "8.5"]
[White "Ponomarev, Dmitry"]
[Black "Burdalev, Kirill"]
[Result "1-0"]
[WhiteTitle "IM"]
[BlackTitle "FM"]
[WhiteElo "2416"]
[BlackElo "2296"]
[WhiteFideId "24112046"]
[BlackFideId "14121913"]
[EventDate "2014.07.16"]

1. d4 d5 2. Nf3 Nf6 3. c4 c6 4. Nbd2 Bg4 5. Ne5 Bh5 6. Qb3 Qc8 7. g4 dxc4 8.
Ndxc4 Bg6 9. h4 e6 10. f3 b5 11. Ne3 Qd8 12. Qc3 a5 13. a3 Bb4 14. axb4 axb4 15.
Rxa8 bxc3 16. h5 Bb1 17. Nxc6 cxb2 18. Bxb2 Nxc6 19. Rxd8+ Kxd8 20. h6 Rg8 21.
hxg7 Ne7 22. d5 Ne8 23. dxe6 fxe6 24. Rh5 Nxg7 25. Rxb5 Ne8 26. Rb8+ Nc8 27. Nc4
Kd7 28. Rb7+ Kd8 29. Bc3 1-0

[Event "Minsk Open 2014"]
[Site "Minsk BLR"]
[Date "2014.07.23"]
[Round "8.6"]
[White "Grib, Roman"]
[Black "Kolesnik, Eduard"]
[Result "1-0"]
[WhiteTitle "FM"]
[BlackTitle "IM"]
[WhiteElo "2409"]
[BlackElo "2292"]
[WhiteFideId "13506706"]
[BlackFideId "13501062"]
[EventDate "2014.07.16"]

1. e4 e5 2. Nf3 Nc6 3. Bb5 a6 4. Ba4 Nf6 5. O-O b5 6. Bb3 Bb7 7. d4 Nxd4 8.
Bxf7+ Kxf7 9. Nxe5+ Kg8 10. Qxd4 c5 11. Qc3 Nxe4 12. Qh3 Bd6 13. Nxd7 Qe7 14. f3
Nf6 15. Nxf6+ Qxf6 16. Re1 h5 17. Qe6+ Kh7 18. Qxf6 gxf6 19. Nc3 Rhe8 20. Be3
Re6 21. Bf2 Rae8 22. Rxe6 Rxe6 23. Rd1 Bc6 24. Bg3 Bxg3 25. hxg3 b4 26. Nd5 Bxd5
27. Rxd5 Re1+ 28. Kh2 Kg6 29. Rxc5 Rb1 30. b3 Rb2 31. Ra5 Rxc2 32. Rxa6 Rd2 33.
Ra4 Rc2 34. Rxb4 Rxa2 35. g4 hxg4 36. Rxg4+ Kf5 37. Rb4 Rb2 38. Rb6 Kg5 39. Kg3
Rc2 40. b4 Rb2 41. b5 Kf5 42. Rb8 Kg5 43. b6 Kg6 44. Kf4 Kg7 45. b7 Rb5 46. g4
Rb3 47. Ke4 Rb5 48. f4 Rb1 49. f5 Rb4+ 50. Kd5 Rb6 51. g5 1-0

[Event "Minsk Open 2014"]
[Site "Minsk BLR"]
[Date "2014.07.23"]
[Round "8.7"]
[White "Meribanov, Vitaly"]
[Black "Omelja, Artem"]
[Result "1-0"]
[WhiteTitle "IM"]
[WhiteElo "2380"]
[BlackElo "2253"]
[WhiteFideId "13504363"]
[BlackFideId "14119846"]
[EventDate "2014.07.16"]

1. e4 e6 2. d4 d5 3. Nd2 c5 4. Ngf3 Nc6 5. dxc5 Bxc5 6. Bd3 Nf6 7. Qe2 h6 8.
exd5 Nxd5 9. Ne4 Be7 10. O-O O-O 11. c4 Ndb4 12. Bb1 e5 13. a3 Na6 14. Rd1 Qe8
15. b4 f5 16. Nc3 e4 17. Nxe4 fxe4 18. Qxe4 g6 19. Qd5+ Kg7 20. Qd2 Bf6 21.
Qxh6+ Kg8 22. Bxg6 Qe7 23. Rb1 Nc7 24. Re1 Qg7 25. Qh5 Ne7 26. Bc2 Bg4 27. Qh6
Bxf3 28. Qxg7+ Kxg7 29. gxf3 Nc6 30. Be4 Rae8 31. Kh1 Ne5 32. Rg1+ Kf7 33. Be3
b6 34. c5 b5 35. c6 Rg8 36. Bxa7 Nc4 37. Rxg8 Rxg8 38. Rc1 Ra8 39. Bc5 Rxa3 40.
Kg2 Ra1 41. Rc2 Be7 42. Bxe7 Kxe7 43. Bd3 Nd6 44. Rc5 Rd1 45. Bc2 Rd2 46. h4 Na6
47. Rc3 Nxb4 48. Be4 Nd5 49. Rc5 Nf4+ 50. Kg3 Ne6 51. Rh5 b4 52. Rh7+ Kf6 53.
Rh6+ Kf7 54. h5 b3 55. Rh8 Nf8 56. h6 Nxe4+ 57. fxe4 b2 58. c7 b1=Q 59. Rxf8+
Kxf8 60. c8=Q+ Ke7 61. Qc5+ Kd7 62. Qf5+ Kc7 63. Qa5+ Qb6 64. Qxd2 Qg6+ 65. Kf3
Qh5+ 66. Kg3 Qg6+ 67. Kh4 Qxe4+ 68. f4 Qh1+ 69. Kg5 Qg1+ 70. Kf6 Qb6+ 71. Kg7
Qg1+ 72. Kf7 1-0

[Event "Minsk Open 2014"]
[Site "Minsk BLR"]
[Date "2014.07.23"]
[Round "8.8"]
[White "Novitzkij, Dmitrij"]
[Black "Trifonov, Denis"]
[Result "0-1"]
[WhiteTitle "IM"]
[BlackTitle "FM"]
[WhiteElo "2345"]
[BlackElo "2214"]
[WhiteFideId "13500619"]
[BlackFideId "13501313"]
[EventDate "2014.07.16"]

1. e4 c5 2. Nc3 a6 3. f4 e6 4. Nf3 b5 5. d3 Bb7 6. g3 Qc7 7. Bg2 b4 8. Ne2 d5 9.
e5 h5 10. h3 Nh6 11. g4 Rg8 12. Nh2 hxg4 13. hxg4 Nd7 14. c3 Be7 15. O-O d4 16.
Bxb7 Qxb7 17. cxd4 cxd4 18. Ng3 Rc8 19. f5 Nxe5 20. fxe6 fxe6 21. Qe2 Nhf7 22.
Bf4 Qd5 23. Rae1 Bg5 24. Ne4 Bxf4 25. Rxf4 Ng6 26. Rf6 Nge5 27. Nf3 Ke7 28. Rf4
Nxf3+ 29. Qxf3 Ne5 30. Qg3 Rh8 31. Nf2 Ng6 32. Rfe4 Rc6 33. b3 Kd7 34. Nh3 e5
35. g5 Kc8 36. Nf2 Rc2 37. Qg4+ Kb7 38. Qf5 Rc6 39. Qg4 Kb6 40. Qf5 Rf8 41. Qg4
Qf7 42. Qg3 Rc2 0-1

[Event "Minsk Open 2014"]
[Site "Minsk BLR"]
[Date "2014.07.23"]
[Round "8.9"]
[White "Nikitenko, Mihail"]
[Black "Poley, Vladimir"]
[Result "1/2-1/2"]
[BlackTitle "IM"]
[WhiteElo "2258"]
[BlackElo "2279"]
[WhiteFideId "13506862"]
[BlackFideId "13500090"]
[EventDate "2014.07.16"]

1. e4 g6 2. d4 Bg7 3. Nc3 c6 4. Nf3 d5 5. h3 dxe4 6. Nxe4 Nd7 7. Bc4 Ngf6 8. Ng3
Qc7 9. O-O O-O 10. Re1 Nb6 11. Bb3 a5 12. a4 Nbd5 13. Qe2 Re8 14. c3 b6 15. Ne5
Ba6 16. Qf3 Rad8 17. Ne4 Rf8 18. Bd2 Nxe4 19. Qxe4 Bb7 20. c4 Nf6 21. Qh4 c5 22.
d5 Nxd5 23. cxd5 Bxe5 24. Rxe5 Qxe5 25. Bc3 Qd6 26. Re1 Bxd5 27. Bxd5 Qxd5 28.
Rxe7 Qd1+ 29. Kh2 Rd4 30. Qf6 Qxa4 31. Re4 Rc8 32. Rxd4 1/2-1/2

[Event "Minsk Open 2014"]
[Site "Minsk BLR"]
[Date "2014.07.23"]
[Round "8.10"]
[White "Kovalev, Vladislav"]
[Black "Yezhel, Valiantsin"]
[Result "1-0"]
[WhiteTitle "GM"]
[WhiteElo "2554"]
[BlackElo "2128"]
[WhiteFideId "13504398"]
[BlackFideId "13504983"]
[EventDate "2014.07.16"]

1. e4 e6 2. d4 d5 3. Nd2 c5 4. Ngf3 cxd4 5. Nxd4 Nc6 6. Bb5 Bd7 7. Nxc6 Bxc6 8.
Bxc6+ bxc6 9. c4 Nf6 10. Qa4 Qc7 11. cxd5 exd5 12. O-O Be7 13. exd5 Nxd5 14. Nc4
O-O 15. Bd2 Bf6 16. Rac1 Rfe8 17. b4 Re2 18. Qd1 Re6 19. Qf3 Qd7 20. Rfd1 Rae8
21. Ne3 Qb7 22. Nxd5 cxd5 23. g3 Re4 24. a3 Bb2 25. Rc2 Bd4 26. Bf4 Bb6 27. Kg2
d4 28. a4 Qd5 29. a5 Bd8 30. Re1 f5 31. Rc5 Qd7 32. Qb3+ Kh8 33. Rxe4 fxe4 34.
Qd5 Qg4 35. Qxd4 Qf3+ 36. Kg1 Bf6 37. Qd7 Rg8 38. Be3 g6 39. Rc7 Rg7 40. Rc8+
Rg8 41. Rxg8+ Kxg8 42. b5 h5 43. b6 axb6 44. a6 1-0

[Event "Minsk Open 2014"]
[Site "Minsk BLR"]
[Date "2014.07.23"]
[Round "8.11"]
[White "Leinov, Roman"]
[Black "Tihonov, Jurij"]
[Result "1/2-1/2"]
[BlackTitle "GM"]
[WhiteElo "2176"]
[BlackElo "2413"]
[WhiteFideId "13504649"]
[BlackFideId "13500325"]
[EventDate "2014.07.16"]

1. d4 Nf6 2. c4 g6 3. Nc3 Bg7 4. e4 d6 5. f3 O-O 6. Be3 a6 7. Nge2 c6 8. c5 b5
9. cxd6 exd6 10. Nf4 Nbd7 11. Be2 Bb7 12. O-O Ne8 13. Qd2 Nc7 14. Rac1 Qe7 15.
Rfe1 Nb6 16. b3 Rac8 17. Bf1 Ne6 18. d5 Nxf4 19. dxc6 Ne6 20. cxb7 Qxb7 21. Red1
Rfd8 22. Nd5 Nxd5 23. Qxd5 Qxd5 24. exd5 Nc5 25. b4 Na4 26. Rc6 Rxc6 27. dxc6
Rc8 28. Rxd6 Bf8 29. Rd7 Rxc6 30. Rd8 Rd6 31. Ra8 Kg7 32. a3 Be7 33. Bf4 Re6 34.
Bd3 Bf6 35. Be4 Nc3 36. Bd3 Nd5 37. Bd2 Bb2 38. Be4 Nf6 39. Bb7 Re2 40. Rd8 Re6
41. Rd3 Rb6 42. Bc8 Rc6 43. Bb7 Rb6 44. Bc8 Rc6 1/2-1/2

[Event "Minsk Open 2014"]
[Site "Minsk BLR"]
[Date "2014.07.23"]
[Round "8.12"]
[White "Khramov, Andrey"]
[Black "Lutsko, Igor"]
[Result "0-1"]
[BlackTitle "GM"]
[WhiteElo "2051"]
[BlackElo "2355"]
[WhiteFideId "24199257"]
[BlackFideId "13500716"]
[EventDate "2014.07.16"]

1. e4 c5 2. Nf3 e6 3. d4 cxd4 4. Nxd4 Nc6 5. Nc3 d6 6. Be3 Nf6 7. f3 Be7 8. Qd2
O-O 9. O-O-O a6 10. g4 Nd7 11. h4 Nxd4 12. Bxd4 b5 13. g5 b4 14. Na4 Qa5 15. b3
Nc5 16. Nxc5 dxc5 17. Bb2 Rd8 18. Qf4 Rxd1+ 19. Kxd1 Qd8+ 20. Kc1 Bd6 21. e5 Be7
22. Rg1 Bd7 23. h5 g6 24. Bd3 Bb5 25. Be4 Rc8 26. Qg4 Qb6 27. Rh1 Bf8 28. Qh4
Bg7 29. hxg6 hxg6 30. Qf2 Qc7 31. f4 c4 32. Bd4 Bc6 33. Bxc6 Qxc6 34. Rd1 a5 35.
Kb1 a4 36. Qe2 c3 37. bxa4 Qxa4 38. Bb6 Qa3 39. Be3 Qa4 40. Rh1 Bf8 41. Rd1 Qa3
42. Rd4 Qa7 43. Bc1 Qa8 0-1